[Event "38 Open Vila de Sitges 2012"]
[Site "Sitges ESP"]
[Date "2012.07.20"]
[Round "1.1"]
[White "Vorobiov, Evgeny E"]
[Black "Abad Sanmartin, Jorge"]
[Result "1-0"]
[WhiteElo "2586"]
[BlackElo "2099"]
[PlyCount "75"]
[EventDate "2012.07.20"]
[EventType "swiss"]
[EventRounds "9"]
[EventCountry "ESP"]
[SourceTitle "Ajedrez en Madrid"]
[Source "lmi"]
[SourceDate "2012.07.20"]

1. d4 Nf6 2. c4 e6 3. Nf3 Ne4 4. Qc2 f5 5. d5 exd5 6. cxd5 c6 7. Nc3 Bb4 8. Bd2
Bxc3 9. Bxc3 O-O 10. Rd1 d6 11. dxc6 Nxc6 12. e3 Be6 13. Bd3 Nxc3 14. Qxc3 Rc8
15. Bc4 d5 16. O-O Na5 17. Qe5 Nxc4 18. Qxe6+ Kh8 19. Rxd5 Qb6 20. Qxb6 Nxb6
21. Rd2 Rfd8 22. Rxd8+ Rxd8 23. Rc1 Na4 24. g3 Nxb2 25. Nd4 b6 26. Rc7 a5 27.
Nxf5 g6 28. Nh6 Rf8 29. e4 Nd3 30. f4 a4 31. e5 Nc5 32. Kg2 Rb8 33. g4 Ne6 34.
Rf7 Rf8 35. f5 gxf5 36. gxf5 Re8 37. fxe6 Rxe6 38. Ng4 1-0

[Event "38 Open Vila de Sitges 2012"]
[Site "Sitges ESP"]
[Date "2012.07.20"]
[Round "1.2"]
[White "Vinas Racionero, Josep"]
[Black "Mirzoev, Azer"]
[Result "0-1"]
[WhiteElo "2092"]
[BlackElo "2545"]
[PlyCount "70"]
[EventDate "2012.07.20"]
[EventType "swiss"]
[EventRounds "9"]
[EventCountry "ESP"]
[SourceTitle "Ajedrez en Madrid"]
[Source "lmi"]
[SourceDate "2012.07.20"]

1. e4 Nf6 2. e5 Nd5 3. c4 Nb6 4. d4 d6 5. f4 dxe5 6. fxe5 Bf5 7. Nc3 e6 8. Nf3
Bb4 9. a3 Bxc3+ 10. bxc3 O-O 11. Bd3 c5 12. a4 Nc6 13. Ba3 Nd7 14. Bxf5 exf5
15. O-O Re8 16. Qb1 cxd4 17. cxd4 Nb6 18. Qxf5 Nxd4 19. Nxd4 Qxd4+ 20. Kh1 Qd7
21. Qf4 Qe6 22. Rac1 Rac8 23. c5 Nd5 24. Qf3 h6 25. Rcd1 Red8 26. Rd4 Rd7 27.
Qg3 Ne7 28. Rg4 Ng6 29. h4 Rd3 30. Rf3 Rxf3 31. gxf3 Rd8 32. Re4 Rd1+ 33. Re1
Rxe1+ 34. Qxe1 Qh3+ 35. Kg1 Nxh4 0-1

[Event "38 Open Vila de Sitges 2012"]
[Site "Sitges ESP"]
[Date "2012.07.20"]
[Round "1.3"]
[White "Czakon, Jakub"]
[Black "Gurrutxaga Telleria, Jose Luis"]
[Result "1-0"]
[WhiteElo "2481"]
[BlackElo "2085"]
[PlyCount "109"]
[EventDate "2012.07.20"]
[EventType "swiss"]
[EventRounds "9"]
[EventCountry "ESP"]
[SourceTitle "Ajedrez en Madrid"]
[Source "lmi"]
[SourceDate "2012.07.20"]

1. d4 Nf6 2. c4 e5 3. dxe5 Ng4 4. Nf3 Bc5 5. e3 Nc6 6. Be2 O-O 7. Nc3 Re8 8. b3
a5 9. O-O Ncxe5 10. Nxe5 Nxe5 11. Bb2 Ra6 12. Qd5 Bf8 13. Ne4 Rae6 14. Ng3 c6
15. Qd4 d6 16. Rfd1 Rh6 17. Bc3 Rh4 18. Qd2 Rh6 19. Bxa5 Qh4 20. Nf1 Be7 21.
Bc3 Rg6 22. Bxe5 dxe5 23. Qa5 Bd6 24. c5 Bb8 25. Bc4 Qe4 26. Ng3 Qh4 27. Rd2
Qe7 28. Rad1 Bc7 29. Qc3 e4 30. Rd4 Qh4 31. f4 Rh6 32. Nf1 b5 33. Be2 Rg6 34.
Qe1 Qh3 35. Ng3 Qh6 36. a4 bxa4 37. Rxa4 Bd8 38. Rxe4 Rge6 39. Rxe6 Bxe6 40. b4
Bd5 41. Bf3 Bxf3 42. gxf3 Bc7 43. Qc3 Qe6 44. Rd3 Ra8 45. Kg2 g6 46. Ne2 h5 47.
Qb3 Ra2 48. Qxe6 fxe6 49. Kf2 g5 50. Rd7 Ra7 51. Re7 gxf4 52. exf4 Kf8 53. Rxe6
Ra2 54. Rxc6 Bxf4 55. Rf6+ 1-0

[Event "38 Open Vila de Sitges 2012"]
[Site "Sitges ESP"]
[Date "2012.07.20"]
[Round "1.4"]
[White "Regue Farran, Enric"]
[Black "Movsziszian, Karen"]
[Result "0-1"]
[WhiteElo "2083"]
[BlackElo "2469"]
[PlyCount "51"]
[EventDate "2012.07.20"]
[EventType "swiss"]
[EventRounds "9"]
[EventCountry "ESP"]
[SourceTitle "Ajedrez en Madrid"]
[Source "lmi"]
[SourceDate "2012.07.20"]

1. e4 g6 2. d4 Bg7 3. Nf3 d6 4. Bc4 Nf6 5. Nc3 c6 6. a4 d5 7. Bd3 dxe4 8. Nxe4
Nxe4 9. Bxe4 O-O 10. O-O Nd7 11. c4 c5 12. Be3 Nf6 13. Bc2 Ng4 14. h3 Nxe3 15.
fxe3 Qc7 16. Qe2 Bd7 17. Rad1 Rad8 18. b3 e6 19. Kh1 b6 20. Qf2 Bc6 21. Qh4 h6
22. Ne5 Bxe5 23. dxe5 Rxd1 24. Rxd1 Qxe5 25. Qxh6 Qb2 26. Rd6 0-1

[Event "38 Open Vila de Sitges 2012"]
[Site "Sitges ESP"]
[Date "2012.07.20"]
[Round "1.5"]
[White "Pakleza, Zbigniew"]
[Black "Dominguez Rueda, Juan"]
[Result "1-0"]
[WhiteElo "2468"]
[BlackElo "2081"]
[PlyCount "120"]
[EventDate "2012.07.20"]
[EventType "swiss"]
[EventRounds "9"]
[EventCountry "ESP"]
[SourceTitle "Ajedrez en Madrid"]
[Source "lmi"]
[SourceDate "2012.07.20"]

1. d4 Nf6 2. Nf3 d6 3. Bf4 Nbd7 4. e3 Nh5 5. Bg5 h6 6. Bh4 g5 7. Nfd2 Ndf6 8.
Bg3 Bg7 9. c4 c5 10. dxc5 Nxg3 11. hxg3 dxc5 12. Nc3 Bd7 13. Be2 Bc6 14. Bf3
Rc8 15. Qc2 Nd7 16. Rd1 Qc7 17. Ke2 Ne5 18. Be4 Rd8 19. f3 Nd7 20. Bxc6 Qxc6
21. g4 Ne5 22. Qe4 Qxe4 23. Ncxe4 b6 24. a3 e6 25. b4 cxb4 26. axb4 a5 27. bxa5
bxa5 28. Rb1 O-O 29. Rb5 Ra8 30. Rc1 a4 31. Rc2 Rfd8 32. Nc3 Rdc8 33. c5 a3 34.
Na2 Rcb8 35. Rxb8+ Rxb8 36. c6 Nxc6 37. Rxc6 Rb2 38. Nc1 a2 39. Ncb3 Rb1 40. f4
a1=Q 41. Nxa1 Rxa1 42. f5 exf5 43. gxf5 g4 44. Ne4 Ra2+ 45. Kf1 Be5 46. Rxh6
Ra1+ 47. Ke2 Ra2+ 48. Kd3 Bg7 49. Rc6 Rxg2 50. Rc8+ Kh7 51. Ng5+ Kh6 52. Nxf7+
Kh7 53. Rc6 g3 54. Ng5+ Kg8 55. Rc8+ Bf8 56. Ne6 Rf2 57. Rxf8+ Kh7 58. Rf7+ Kh6
59. Rg7 g2 60. Rg6+ Kh7 1-0

[Event "38 Open Vila de Sitges 2012"]
[Site "Sitges ESP"]
[Date "2012.07.20"]
[Round "1.6"]
[White "Loehr Dols, Lluis"]
[Black "Jimenez Fraga, Pedro Alejandro"]
[Result "0-1"]
[WhiteElo "2073"]
[BlackElo "2446"]
[PlyCount "74"]
[EventDate "2012.07.20"]
[EventType "swiss"]
[EventRounds "9"]
[EventCountry "ESP"]
[SourceTitle "Ajedrez en Madrid"]
[Source "lmi"]
[SourceDate "2012.07.20"]

1. Nf3 Nf6 2. g3 g6 3. Bg2 Bg7 4. d3 d6 5. O-O e5 6. e4 Nc6 7. c3 d5 8. Nbd2
dxe4 9. dxe4 a5 10. Qe2 O-O 11. Nc4 Qe7 12. Ne3 Rd8 13. c4 Nd4 14. Nxd4 exd4
15. Nd1 Be6 16. Bg5 d3 17. Qf3 h6 18. Bxf6 Bxf6 19. Ne3 c6 20. Rab1 Rd4 21.
Rfd1 h5 22. b3 Rad8 23. Rd2 R4d7 24. Bf1 Bc3 25. Rdd1 Qa3 26. h3 Qxa2 27. g4
hxg4 28. Nxg4 Bxg4 29. hxg4 Be5 30. g5 d2 31. Qg4 Qc2 32. Be2 Rd4 33. f3 Kg7
34. Qg2 Rh8 35. f4 Bxf4 36. Qf2 Qxe4 37. Bf3 Qe5 0-1

[Event "38 Open Vila de Sitges 2012"]
[Site "Sitges ESP"]
[Date "2012.07.20"]
[Round "1.7"]
[White "Sequera Paolini, Jose"]
[Black "Soler Casacuberta, Salvador"]
[Result "1-0"]
[WhiteElo "2407"]
[BlackElo "2069"]
[PlyCount "71"]
[EventDate "2012.07.20"]
[EventType "swiss"]
[EventRounds "9"]
[EventCountry "ESP"]
[SourceTitle "Ajedrez en Madrid"]
[Source "lmi"]
[SourceDate "2012.07.20"]

1. f4 Nh6 2. Nf3 e6 3. e4 d5 4. e5 Be7 5. Bd3 b5 6. Bxb5+ c6 7. Be2 Ba6 8. Bxa6
Nxa6 9. Qe2 Qb6 10. a4 Nb4 11. Na3 Qa6 12. Qxa6 Nxa6 13. d3 Rb8 14. b3 Nc5 15.
h3 f6 16. g4 Nf7 17. O-O Kd7 18. Nb1 Na6 19. Ba3 Nb4 20. Rf2 fxe5 21. fxe5 Rhf8
22. Nc3 Ng5 23. Nxg5 Rxf2 24. Kxf2 Bxg5 25. Bxb4 Rxb4 26. Ne2 c5 27. Kg3 h5 28.
gxh5 Be3 29. Rf1 Ke7 30. Nf4 Bxf4+ 31. Rxf4 Rb8 32. Kg4 Rh8 33. Kg5 Rh6 34. b4
a5 35. bxc5 Rh8 36. d4 1-0

[Event "38 Open Vila de Sitges 2012"]
[Site "Sitges ESP"]
[Date "2012.07.20"]
[Round "1.8"]
[White "Parals Marce, Luis"]
[Black "Arenas, David"]
[Result "0-1"]
[WhiteElo "2069"]
[BlackElo "2406"]
[PlyCount "94"]
[EventDate "2012.07.20"]
[EventType "swiss"]
[EventRounds "9"]
[EventCountry "ESP"]
[SourceTitle "Ajedrez en Madrid"]
[Source "lmi"]
[SourceDate "2012.07.20"]

1. d4 Nf6 2. Nf3 g6 3. c4 Bg7 4. g3 O-O 5. Bg2 d6 6. Nc3 Nc6 7. O-O a6 8. h3
Rb8 9. d5 Na5 10. b3 c5 11. dxc6 Nxc6 12. Bb2 Nd7 13. Qd2 b5 14. Ne1 Na7 15.
cxb5 axb5 16. Nd5 Bxb2 17. Qxb2 Bb7 18. e4 e6 19. Nb4 Qe7 20. Qd4 Nc8 21. Nec2
Rd8 22. Rad1 Ra8 23. Rd2 f6 24. h4 Nc5 25. Re1 Na7 26. Qe3 e5 27. Red1 Kg7 28.
Na3 Ne6 29. Nac2 Nc5 30. Na3 Nc6 31. Nac2 Ne6 32. Nd5 Qf7 33. a3 Ncd4 34. b4
Bxd5 35. exd5 Nxc2 36. Rxc2 Nd4 37. Rc3 Rdc8 38. Kh1 Rxc3 39. Qxc3 Ra7 40. Qb2
Rc7 41. Rc1 Qd7 42. Bf1 Qc8 43. Rxc7+ Qxc7 44. Bd3 Qc8 45. Kg2 Qg4 46. Qc3 Qf3+
47. Kg1 Ne2+ 0-1

[Event "38 Open Vila de Sitges 2012"]
[Site "Sitges ESP"]
[Date "2012.07.20"]
[Round "1.9"]
[White "Rodriguez Garcia, Victor"]
[Black "Prats Rodriguez, Juan Bosco"]
[Result "1-0"]
[WhiteElo "2383"]
[BlackElo "2060"]
[PlyCount "73"]
[EventDate "2012.07.20"]
[EventType "swiss"]
[EventRounds "9"]
[EventCountry "ESP"]
[SourceTitle "Ajedrez en Madrid"]
[Source "lmi"]
[SourceDate "2012.07.20"]

1. e4 d6 2. d4 Nf6 3. Nc3 g6 4. Be3 c6 5. h3 b5 6. Bd3 Nbd7 7. Nf3 e5 8. O-O
Bg7 9. a4 b4 10. Ne2 a5 11. Ng3 O-O 12. Qd2 Re8 13. Bh6 Nb6 14. Rfe1 Qe7 15. c3
c5 16. Bb5 Bd7 17. Nh4 Qf8 18. Bxg7 Qxg7 19. dxc5 dxc5 20. Qd6 Bxb5 21. Qxb6
Bd3 22. Qxc5 b3 23. Rad1 Bc2 24. Rd2 Qh6 25. Nf3 Qf4 26. Qe3 Kg7 27. Rd6 h5 28.
Qxf4 exf4 29. e5 Rxe5 30. Rxe5 fxg3 31. fxg3 Ne4 32. Rd7 Nxc3 33. bxc3 b2 34.
Nd2 b1=Q+ 35. Nxb1 Bxb1 36. Ree7 Ba2 37. Ra7 1-0

[Event "38 Open Vila de Sitges 2012"]
[Site "Sitges ESP"]
[Date "2012.07.20"]
[Round "1.11"]
[White "Gallego Alcaraz, Andres Felipe"]
[Black "Sanchez Bernardino, Miguel A"]
[Result "1/2-1/2"]
[WhiteElo "2377"]
[BlackElo "2047"]
[PlyCount "122"]
[EventDate "2012.07.20"]
[EventType "swiss"]
[EventRounds "9"]
[EventCountry "ESP"]
[SourceTitle "Ajedrez en Madrid"]
[Source "lmi"]
[SourceDate "2012.07.20"]

1. d4 Nf6 2. c4 e5 3. dxe5 Ng4 4. Bf4 g5 5. Bg3 Bg7 6. Nf3 Nc6 7. Nc3 Ngxe5 8.
Nxe5 Nxe5 9. e3 d6 10. h4 g4 11. h5 h6 12. Bh4 Bf6 13. Bxf6 Qxf6 14. Nd5 Qd8
15. Qd4 Be6 16. O-O-O c5 17. Qc3 Bxd5 18. Rxd5 Qf6 19. Be2 O-O-O 20. f4 gxf3
21. gxf3 Qe7 22. a3 Rhg8 23. Rhd1 Rg2 24. R1d2 Nd7 25. Bd1 Rxd2 26. Qxd2 Nf6
27. Rf5 Qe6 28. e4 Ng8 29. Qd5 Qxd5 30. cxd5 f6 31. Rf4 Rf8 32. Rg4 f5 33. exf5
Ne7 34. Bc2 Nxd5 35. Rg6 Ne3 36. f6 Nd5 37. Bf5+ Kd8 38. f7 Ke7 39. Re6+ Kxf7
40. Rxd6 Nf6 41. Bg6+ Kg7 42. Re6 Nd5 43. Rd6 Nf4 44. Rd7+ Kf6 45. Be4 Rf7 46.
Rd6+ Kg5 47. Kd2 Kxh5 48. Ke3 Kg5 49. Rd8 h5 50. Rg8+ Kh6 51. Bxb7 Rxb7 52.
Kxf4 Rxb2 53. Rc8 Rc2 54. Rc6+ Kg7 55. Rc7+ Kg6 56. Rxa7 Rc4+ 57. Ke5 Rc1 58.
Ra6+ Kg7 59. Kf4 c4 60. Ra5 Kg6 61. Ra6+ Kg7 1/2-1/2

[Event "38 Open Vila de Sitges 2012"]
[Site "Sitges ESP"]
[Date "2012.07.21"]
[Round "2.1"]
[White "Hjelmaas, Lars"]
[Black "Vorobiov, Evgeny E"]
[Result "0-1"]
[WhiteElo "2273"]
[BlackElo "2586"]
[PlyCount "50"]
[EventDate "2012.07.20"]
[EventType "swiss"]
[EventRounds "9"]
[EventCountry "ESP"]
[SourceTitle "Ajedrez en Madrid"]
[Source "lmi"]
[SourceDate "2012.07.20"]

1. d4 d6 2. c4 e5 3. Nf3 Nd7 4. Nc3 g6 5. Bg5 f6 6. Bh4 Ne7 7. dxe5 dxe5 8. e4
c6 9. Qd6 Nf5 10. Qe6+ Be7 11. O-O-O Nxh4 12. Nxh4 Qb6 13. Qh3 Qxf2 14. Rd2 Qc5
15. Be2 Nf8 16. Nf5 Ne6 17. Qh6 Bf8 18. Qh4 Ng5 19. Rhd1 gxf5 20. Rd8+ Ke7 21.
exf5 Qe3+ 22. R1d2 Bg7 23. R8d3 Qf4 24. g4 Bxf5 25. Rd6 Rad8 0-1

[Event "38 Open Vila de Sitges 2012"]
[Site "Sitges ESP"]
[Date "2012.07.21"]
[Round "2.2"]
[White "Mirzoev, Azer"]
[Black "Rabineau, Clement"]
[Result "1-0"]
[WhiteElo "2545"]
[BlackElo "2270"]
[PlyCount "169"]
[EventDate "2012.07.20"]
[EventType "swiss"]
[EventRounds "9"]
[EventCountry "ESP"]
[SourceTitle "Ajedrez en Madrid"]
[Source "lmi"]
[SourceDate "2012.07.20"]

1. d4 d6 2. Nf3 g6 3. e4 Bg7 4. c3 Nf6 5. Bd3 O-O 6. O-O Nc6 7. Re1 e5 8. h3 h6
9. Nbd2 Nh7 10. Nb3 Ng5 11. Nxg5 hxg5 12. Be3 Qe7 13. Rc1 Nd8 14. dxe5 Bxe5 15.
Nd4 Ne6 16. Bf1 Kg7 17. Qd2 f6 18. Nf3 Nf4 19. Rcd1 Be6 20. b3 Rh8 21. Nxe5
fxe5 22. c4 b6 23. b4 Qf7 24. c5 Rad8 25. cxd6 cxd6 26. a3 Qf6 27. f3 d5 28.
exd5 Rxd5 29. Qb2 Rhd8 30. Rxd5 Rxd5 31. Rc1 Kh6 32. Kh2 Rd3 33. Bxd3 Nxd3 34.
Qc2 Nxc1 35. h4 Kh7 36. Bxg5 Qf8 37. Qxc1 Qd6 38. Kh1 a5 39. bxa5 bxa5 40. Qb2
Bd5 41. Qd2 a4 42. Qe3 Bc6 43. Kh2 Kg8 44. Qc3 Kh7 45. Be3 Bd5 46. Kg3 Bb3 47.
Qa5 Qe7 48. Bc5 Qf7 49. Be3 Qe7 50. Qb6 Kg7 51. Bc5 Qf7 52. Be3 Qe7 53. Bg5 Qe6
54. Qc7+ Kg8 55. Bh6 Qf6 56. Qd7 Kh8 57. Bg5 Qe6 58. Qxe6 Bxe6 59. Bf6+ Kg8 60.
Bxe5 Kf7 61. Kf4 Bc4 62. Kg5 Be2 63. Bc3 Bd1 64. f4 Bc2 65. g4 Kg8 66. Bb2 Bb1
67. Kh6 Kf7 68. Bc1 Bc2 69. h5 gxh5 70. Kxh5 Ke6 71. Bb2 Bd3 72. Kg5 Kf7 73. f5
Be2 74. Kf4 Bc4 75. g5 Bd3 76. g6+ Kg8 77. Kg5 Bc2 78. f6 Bb3 79. Bc3 Bc4 80.
Bb4 Bb3 81. Bc5 Bc4 82. Kf4 Bb3 83. Ke3 Be6 84. Kd2 Bd5 85. Kc3 1-0

[Event "38 Open Vila de Sitges 2012"]
[Site "Sitges ESP"]
[Date "2012.07.21"]
[Round "2.3"]
[White "Franco Valencia, Beatriz Irene"]
[Black "Czakon, Jakub"]
[Result "0-1"]
[WhiteElo "2253"]
[BlackElo "2481"]
[PlyCount "74"]
[EventDate "2012.07.20"]
[EventType "swiss"]
[EventRounds "9"]
[EventCountry "ESP"]
[SourceTitle "Ajedrez en Madrid"]
[Source "lmi"]
[SourceDate "2012.07.20"]

1. e4 c5 2. Nf3 b6 3. Nc3 Bb7 4. d4 cxd4 5. Nxd4 e6 6. Be2 a6 7. a4 Qc7 8. Bf3
d6 9. Be3 Nd7 10. O-O Ngf6 11. Re1 Ne5 12. Bf4 Be7 13. Qe2 O-O 14. Rad1 Rac8
15. h3 Nfd7 16. Kh1 Bf6 17. Bc1 Nxf3 18. Qxf3 Qc4 19. Nde2 Qb4 20. Qd3 Be7 21.
Qg3 Rfd8 22. Rd4 Qc5 23. Red1 b5 24. axb5 axb5 25. Bh6 g6 26. b4 Qh5 27. Bc1
Bf6 28. Rxd6 Be5 29. Nf4 Bxd6 30. Rxd6 Qe5 31. Nfe2 Qxg3 32. fxg3 Ne5 33. Nxb5
Rxd6 34. Nxd6 Rxc2 35. Nxb7 Rxe2 36. Bf4 Rxe4 37. b5 Nc4 0-1

[Event "38 Open Vila de Sitges 2012"]
[Site "Sitges ESP"]
[Date "2012.07.21"]
[Round "2.5"]
[White "Tallo Dominguez, Imar"]
[Black "Pakleza, Zbigniew"]
[Result "0-1"]
[WhiteElo "2188"]
[BlackElo "2468"]
[PlyCount "84"]
[EventDate "2012.07.20"]
[EventType "swiss"]
[EventRounds "9"]
[EventCountry "ESP"]
[SourceTitle "Ajedrez en Madrid"]
[Source "lmi"]
[SourceDate "2012.07.20"]

1. e4 e5 2. Nf3 d6 3. d4 exd4 4. Nxd4 Nf6 5. Nc3 Be7 6. g3 O-O 7. Bg2 Re8 8.
O-O c6 9. h3 a5 10. g4 Bf8 11. g5 Nfd7 12. f4 Na6 13. Re1 Ndc5 14. Be3 Bd7 15.
a4 Nb4 16. Qd2 Qc7 17. Rad1 Rad8 18. Qf2 Bc8 19. Nb3 Nba6 20. f5 Nxb3 21. Bb6
Qe7 22. Bxd8 Qxd8 23. cxb3 Qxg5 24. Kh1 Nc5 25. Rf1 Nxb3 26. Qf4 Qxf4 27. Rxf4
Nc5 28. Rf2 g6 29. fxg6 hxg6 30. Rfd2 Re5 31. Rd4 Rh5 32. Bf3 Rxh3+ 33. Kg2 Rh6
34. Rh1 Ne6 35. Rdd1 Rxh1 36. Kxh1 Nc5 37. Kg2 Be6 38. Kf2 Be7 39. Rd4 Kf8 40.
Bd1 Bf6 41. Rxd6 Bxc3 42. bxc3 Nxe4+ 0-1

[Event "38 Open Vila de Sitges 2012"]
[Site "Sitges ESP"]
[Date "2012.07.21"]
[Round "2.6"]
[White "Jimenez Fraga, Pedro Alejandro"]
[Black "Castrillon Gomez, Melissa"]
[Result "1-0"]
[WhiteElo "2446"]
[BlackElo "2181"]
[PlyCount "41"]
[EventDate "2012.07.20"]
[EventType "swiss"]
[EventRounds "9"]
[EventCountry "ESP"]
[SourceTitle "Ajedrez en Madrid"]
[Source "lmi"]
[SourceDate "2012.07.20"]

1. Nf3 d6 2. g3 e5 3. Bg2 g5 4. d4 e4 5. Nfd2 f5 6. c4 Bg7 7. Nc3 Nc6 8. e3 Nf6
9. b4 b5 10. cxb5 Nxb4 11. O-O c5 12. bxc6 Nxc6 13. f3 d5 14. fxe4 fxe4 15.
Ndxe4 dxe4 16. Nxe4 Nd5 17. Qa4 Nde7 18. Ba3 Qd7 19. Rac1 Nxd4 20. Nd6+ Kd8 21.
Qa5+ 1-0

[Event "38 Open Vila de Sitges 2012"]
[Site "Sitges ESP"]
[Date "2012.07.21"]
[Round "2.7"]
[White "Gardner, Lee"]
[Black "Sequera Paolini, Jose"]
[Result "1/2-1/2"]
[WhiteElo "2176"]
[BlackElo "2407"]
[PlyCount "77"]
[EventDate "2012.07.20"]
[EventType "swiss"]
[EventRounds "9"]
[EventCountry "ESP"]
[SourceTitle "Ajedrez en Madrid"]
[Source "lmi"]
[SourceDate "2012.07.20"]

1. c4 e6 2. g3 f5 3. Bg2 Nf6 4. Nf3 Be7 5. O-O O-O 6. Nc3 Qe8 7. d3 Qh5 8. e4
fxe4 9. dxe4 Nc6 10. h3 d6 11. Be3 e5 12. Nh4 Qxd1 13. Raxd1 Ne8 14. Nf3 Bxh3
15. Bxh3 Rxf3 16. Be6+ Kh8 17. Nd5 Rf8 18. Nxe7 Nxe7 19. c5 Rd8 20. cxd6 Rxd6
21. Rxd6 Nxd6 22. Rc1 Rf6 23. Bd7 c6 24. Bxa7 Nxe4 25. Re1 Ng5 26. Kg2 e4 27.
Be3 Nf3 28. Re2 Ng6 29. Bc1 Nge5 30. Bc8 Rd6 31. Bf4 Rd4 32. Bf5 Rd1 33. Bxe5
Rg1+ 34. Kh3 Rh1+ 35. Kg2 Rg1+ 36. Kh3 Rh1+ 37. Kg2 Rh2+ 38. Kf1 Rh1+ 39. Kg2
1/2-1/2

[Event "38 Open Vila de Sitges 2012"]
[Site "Sitges ESP"]
[Date "2012.07.21"]
[Round "2.8"]
[White "Arenas, David"]
[Black "Buxade Roca, Guillermo"]
[Result "1-0"]
[WhiteElo "2406"]
[BlackElo "2133"]
[PlyCount "79"]
[EventDate "2012.07.20"]
[EventType "swiss"]
[EventRounds "9"]
[EventCountry "ESP"]
[SourceTitle "Ajedrez en Madrid"]
[Source "lmi"]
[SourceDate "2012.07.20"]

1. e4 c5 2. Nf3 Nc6 3. d4 cxd4 4. Nxd4 Nf6 5. Nc3 e5 6. Ndb5 d6 7. Bg5 a6 8.
Na3 h5 9. Nc4 Bg4 10. Qd2 Rc8 11. Be3 b5 12. Nb6 Rb8 13. Nbd5 Nxd5 14. Nxd5 Ne7
15. c4 Nxd5 16. cxd5 Be7 17. a4 O-O 18. axb5 axb5 19. Bd3 h4 20. f3 Bd7 21. O-O
f5 22. exf5 Bxf5 23. Bxf5 Rxf5 24. Qd3 Rf7 25. h3 Bg5 26. Bf2 Rc7 27. Ra6 Qd7
28. Qg6 Bf6 29. Be3 b4 30. Qe4 b3 31. Rc6 Rbc8 32. Rfc1 Kf7 33. Qg4 Ke7 34. Qa4
Rxc6 35. Rxc6 Rxc6 36. dxc6 Qc7 37. Qb5 Ke6 38. Bb6 Qc8 39. c7 Be7 40. Qc4+ 1-0

[Event "38 Open Vila de Sitges 2012"]
[Site "Sitges ESP"]
[Date "2012.07.21"]
[Round "2.9"]
[White "Coll Enriquez, Lluis"]
[Black "Rodriguez Garcia, Victor"]
[Result "1/2-1/2"]
[WhiteElo "2160"]
[BlackElo "2383"]
[PlyCount "92"]
[EventDate "2012.07.20"]
[EventType "swiss"]
[EventRounds "9"]
[EventCountry "ESP"]
[SourceTitle "Ajedrez en Madrid"]
[Source "lmi"]
[SourceDate "2012.07.20"]

1. e4 c5 2. Nc3 Nc6 3. g3 g6 4. Bg2 Bg7 5. d3 d6 6. Be3 Nd4 7. Qd2 e6 8. Nd1
Rb8 9. c3 Nc6 10. Ne2 b6 11. O-O Nge7 12. f4 O-O 13. d4 Bb7 14. Nf2 Na5 15. b3
Qc7 16. Rac1 f5 17. Rfd1 Rbd8 18. c4 fxe4 19. Nxe4 Nf5 20. Bf2 Nc6 21. d5 Ncd4
22. N2c3 e5 23. g4 Nh6 24. fxe5 dxe5 25. h3 Nf7 26. Bh4 Bh6 27. g5 Bg7 28. Bf2
Nd6 29. Nxd6 Qxd6 30. Ne4 Qe7 31. Qe3 Rf7 32. Rf1 Rdf8 33. Bg3 Nf5 34. Qd3 Bc8
35. Rc2 Qd8 36. Rcf2 Nd4 37. Rxf7 Rxf7 38. Rxf7 Kxf7 39. Bf2 Bf5 40. Bxd4 exd4
41. Qg3 Bxe4 42. Bxe4 Ke7 43. Qg4 Qd6 44. Kg2 Qe5 45. Bd3 Kd6 46. Qg3 Ke7
1/2-1/2

[Event "38 Open Vila de Sitges 2012"]
[Site "Sitges ESP"]
[Date "2012.07.21"]
[Round "2.10"]
[White "Debray, Christopher"]
[Black "Ludvigsen, Frode"]
[Result "1-0"]
[WhiteElo "2380"]
[BlackElo "2122"]
[PlyCount "45"]
[EventDate "2012.07.20"]
[EventType "swiss"]
[EventRounds "9"]
[EventCountry "ESP"]
[SourceTitle "Ajedrez en Madrid"]
[Source "lmi"]
[SourceDate "2012.07.20"]

1. e4 e6 2. d4 d5 3. Nd2 Nf6 4. e5 Nfd7 5. f4 c5 6. c3 Nc6 7. Ndf3 cxd4 8. cxd4
Bb4+ 9. Bd2 Bxd2+ 10. Qxd2 f6 11. Bd3 a5 12. Ne2 a4 13. O-O O-O 14. Rac1 Qa5
15. Qe3 f5 16. g4 g6 17. Ng5 Re8 18. gxf5 gxf5 19. Kh1 Re7 20. Rg1 Kf8 21. Qh3
Ke8 22. Nxh7 Kd8 23. Qh4 1-0

[Event "38 Open Vila de Sitges 2012"]
[Site "Sitges ESP"]
[Date "2012.07.22"]
[Round "3.1"]
[White "Vorobiov, Evgeny E"]
[Black "Jimenez Fraga, Pedro Alejandro"]
[Result "1/2-1/2"]
[WhiteElo "2586"]
[BlackElo "2446"]
[PlyCount "120"]
[EventDate "2012.07.20"]
[EventType "swiss"]
[EventRounds "9"]
[EventCountry "ESP"]
[SourceTitle "Ajedrez en Madrid"]
[Source "lmi"]
[SourceDate "2012.07.20"]

1. d4 Nf6 2. c4 g6 3. g3 Bg7 4. Bg2 O-O 5. Nc3 d6 6. Nf3 Nbd7 7. O-O e5 8. e4
a6 9. Qc2 exd4 10. Nxd4 Re8 11. Rd1 Rb8 12. h3 Nc5 13. Bf4 Qe7 14. Re1 Nh5 15.
Be3 c6 16. Rad1 Nd7 17. b3 Nhf6 18. Bc1 c5 19. Nf3 b5 20. Bf4 Ne5 21. Nxe5 dxe5
22. Be3 bxc4 23. bxc4 Be6 24. Nd5 Qa7 25. Qa4 Rec8 26. Rb1 Nxd5 27. cxd5 Bd7
28. Qa5 Rxb1 29. Rxb1 Bf6 30. Bf1 Bd8 31. Qxa6 Qxa6 32. Bxa6 Ra8 33. Bb5 Bxb5
34. Rxb5 c4 35. Rc5 Bb6 36. Rxc4 Bxe3 37. fxe3 Rxa2 38. g4 h5 39. Rc8+ Kg7 40.
g5 Re2 41. Rc3 Kf8 42. Kf1 Ra2 43. d6 Ke8 44. Rc8+ Kd7 45. Rf8 Kxd6 46. Rxf7
Rh2 47. Rf6+ Ke7 48. Rxg6 Rxh3 49. Kf2 h4 50. Ke2 Rg3 51. Kd3 Kf7 52. Rf6+ Ke7
53. Rf5 Ke6 54. Kc4 Rxe3 55. Rf6+ Ke7 56. Kd5 Rg3 57. Re6+ Kf7 58. Rh6 Rxg5 59.
Rxh4 Rg6 60. Rh7+ Ke8 1/2-1/2

[Event "38 Open Vila de Sitges 2012"]
[Site "Sitges ESP"]
[Date "2012.07.22"]
[Round "3.2"]
[White "Pakleza, Zbigniew"]
[Black "Mirzoev, Azer"]
[Result "1/2-1/2"]
[WhiteElo "2468"]
[BlackElo "2545"]
[PlyCount "66"]
[EventDate "2012.07.20"]
[EventType "swiss"]
[EventRounds "9"]
[EventCountry "ESP"]
[SourceTitle "Ajedrez en Madrid"]
[Source "lmi"]
[SourceDate "2012.07.20"]

1. d4 d5 2. Bf4 Nf6 3. e3 Bg4 4. f3 Bf5 5. g4 Bg6 6. h4 h6 7. h5 Bh7 8. Bd3 e6
9. c3 Bd6 10. Ne2 Nbd7 11. Bxh7 Nxh7 12. Nd2 Bxf4 13. Nxf4 c5 14. Qe2 Qc7 15.
Nd3 c4 16. Nf2 O-O 17. f4 f6 18. Nh3 b5 19. Qg2 b4 20. O-O bxc3 21. bxc3 Rab8
22. f5 Rb2 23. fxe6 Nb6 24. Nf4 Ng5 25. Rab1 Rxa2 26. Rf2 Qc6 27. e4 dxe4 28.
Nxe4 Rxf2 29. Nxf6+ Rxf6 30. Qxc6 R2xf4 31. e7 Rxg4+ 32. Kh1 Rh4+ 33. Kg2 Rg4+
1/2-1/2

[Event "38 Open Vila de Sitges 2012"]
[Site "Sitges ESP"]
[Date "2012.07.22"]
[Round "3.3"]
[White "Czakon, Jakub"]
[Black "Arenas, David"]
[Result "1-0"]
[WhiteElo "2481"]
[BlackElo "2406"]
[PlyCount "53"]
[EventDate "2012.07.20"]
[EventType "swiss"]
[EventRounds "9"]
[EventCountry "ESP"]
[SourceTitle "Ajedrez en Madrid"]
[Source "lmi"]
[SourceDate "2012.07.20"]

1. d4 Nf6 2. c4 e6 3. Nf3 b6 4. g3 Bb7 5. Bg2 Be7 6. Nc3 Ne4 7. Bd2 O-O 8. O-O
f5 9. d5 Bf6 10. Rc1 a5 11. Ne1 Nxd2 12. Qxd2 Na6 13. Nd3 e5 14. e4 f4 15. gxf4
exf4 16. e5 f3 17. exf6 fxg2 18. Rfe1 Qxf6 19. Re3 Nb4 20. Ne5 Bc8 21. a3 d6
22. axb4 dxe5 23. Nb5 Qf4 24. Nxc7 Rf6 25. d6 Rh6 26. Qd5+ Kh8 27. Qxe5 1-0